Find the Countries of North America by Capital Quiz Stats

 Plays Quiz Updated Jul 18, 2017

Support Sporcle.
Go Orange.
Score 0/23 Timer 05:00
3 Plays Today
% Correct
Washington D.C.,
United States
95.3%
Mexico City,
Mexico
94.7%
Ottawa,
Canada
94.2%
Havana,
Cuba
90.7%
Panama City,
Panama
89.3%
Kingston,
Jamaica
81.3%
Guatemala City,
Guatemala
80.1%
Port-au-Prince,
Haiti
78.4%
San Salvador,
El Salvador
75.9%
Santo Domingo,
Dominican Republic
75.8%
Nassau,
Bahamas
75.6%
Managua,
Nicaragua
69%
% Correct
San Jose,
Costa Rica
68%
Tegucigalpa,
Honduras
67.8%
Belmopan,
Belize
67.5%
Port of Spain,
Trinidad and Tobago
59.7%
Roseau,
Dominica
51.1%
Castries,
Saint Lucia
50.2%
Bridgetown,
Barbados
48.1%
St. George's,
Grenada
44.8%
Saint John's,
Antigua and Barbuda
42.2%
Kingstown,
Saint Vincent and the Grenadines
39.6%
Basseterre,
Saint Kitts and Nevis
39.4%

You're not logged in!

Compare scores with friends on all Sporcle quizzes.
OR
Log In
Forgot?

From the Vault

European Country by Second Largest City

by oldkent

You'll have to be a real geography expert to get more than a few on this.
Remove Ads.
Support Sporcle.
Get the best of Sporcle when you Go Orange. This ad-free experience offers more features, more stats, and more fun while also helping to support Sporcle. Thank you for becoming a member.

Show Comments

Extras

Top Quizzes Today


Score Distribution

Your Account Isn't Verified!

In order to create a playlist on Sporcle, you need to verify the email address you used during registration. Go to your Sporcle Settings to finish the process.

Report this User

Report this user for behavior that violates our Community Guidelines.

Details: